[Event "Fajr op 14th"]
[Site "Tehran"]
[Date "2006.01.25"]
[Round "2"]
[White "Oveisi, Reza"]
[Black "Guliev, Logman"]
[Result "1/2-1/2"]
[WhiteElo "2137"]
[BlackElo "2374"]
[PlyCount "125"]
[EventDate "2006.01.24"]
[EventType "swiss"]
[EventRounds "9"]
[EventCountry "IRI"]
[SourceTitle "CBM 110 Extra"]
[Source "ChessBase"]
[SourceDate "2006.03.10"]
[SourceVersion "2"]
[SourceVersionDate "2006.03.10"]
[SourceQuality "1"]

1. e4 c5 2. Nf3 Nc6 3. d4 cxd4 4. Nxd4 Nf6 5. Nc3 d6 6. Bg5 e6 7. Qd2 a6 8. 0-0-0 h6 9. Bh4 Bd7 10. Kb1 Nxe4 11. Nxe4 Qxh4 12. Nxd6+ Bxd6 13. Nf3 Qe7 14. Qxd6 Qxd6 15. Rxd6 Ke7 16. Rd2 Rac8 17. Be2 e5 18. Re1 Be6 19. Bd3 f6 20. Be4 g5 21. g3 h5 22. h4 g4 23. Ng1 Rhd8 24. Red1 Rxd2 25. Rxd2 f5 26. Bxc6 Rxc6 27. Ne2 Bc4 28. Nc3 f4 29. Kc1 fxg3 30. fxg3 Rf6 31. Ne4 Rf3 32. b3 Bb5 33. Rd5 Ke6 34. c4 Bc6 35. Ng5+ Kf5 36. Nxf3 Bxd5 37. Ng5 Be4 38. b4 Bd3 39. c5 Bc4 40. a3 e4 41. Kd2 Ke5 42. Ke3 Bd5 43. Nh7 Bf7 44. Nf8 Be8 45. Nh7 Bg6 46. Ng5 Kd5 47. Kd2 a5 48. bxa5 Kxc5 49. Ne6+ Kd6 50. Nf4 Bf7 51. Ke3 Ke5 52. Ne2 Be8 53. Nd4 Bf7 54. Nc2 Bc4 55. Nb4 Bb5 56. Nc2 Be8 57. Nb4 Bb5 58. Na2 Ba6 59. Nc3 Bd3 60. Na4 Kd5 61. Nb6+ Kc6 62. Nc8 Kd7 63. Nb6+ 1/2-1/2